Paper Mario: The Origami King Music - Statistics

General Stats
  • This quiz has been taken 47 times
  • The average score is 129 of 244
Answer Stats
Streamer No. Song Record % Correct
Red Streamer 49 The Missile Maestro
88%
Red Streamer 47 Vellumental Battle
88%
Red Streamer 5 Whispering Woods
88%
Special 215 Battle with King Olly
85%
Green Streamer 188 Bowser's Castle
85%
Yellow Streamer 121 Disco Devil
85%
Purple Streamer 131 Heart Island
85%
Red Streamer 41 Red Streamer Battle
85%
Green Streamer 205 The Dual-Bladed Duelist
85%
Blue Streamer 90 The Elastic Entertainer
85%
Purple Streamer 123 The Great Sea
85%
Purple Streamer 142 The Princess Peach
85%
Blue Streamer 59 Autumn Mountain
82%
Blue Streamer 86 Blue Streamer Battle
82%
Special 208 Origami Castle
82%
Red Streamer 18 Overlook Tower
82%
Red Streamer 31 Picnic Road
82%
Blue Streamer 62 Shogun Studios
82%
Yellow Streamer 104 Shroom City
82%
Yellow Streamer 105 Snif City
82%
Yellow Streamer 119 Yellow Streamer Battle
82%
Green Streamer 203 Boss Fight
79%
Purple Streamer 137 Diamond Island
79%
Blue Streamer 68 Goomba Mask
79%
Green Streamer 201 Green Streamer Battle
79%
Purple Streamer 128 Hammer Island
79%
Blue Streamer 69 Jungle King Mask
79%
Red Streamer 42 Red Streamer Battle - Thinking
79%
Blue Streamer 70 Space Warrior Mask
79%
Purple Streamer 132 Spade Island
79%
Purple Streamer 161 The Sticky Shifter
79%
Red Streamer 43 Vellumental Area Battle
79%
Blue Streamer 87 Blue Streamer Battle - Thinking
76%
Special 239 Café
76%
Blue Streamer 52 Chestnut Valley
76%
Red Streamer 13 Earth Vellumental Temple
76%
Red Streamer 45 Event Battle
76%
Red Streamer 8 Happy & Sappy
76%
Red Streamer 1 Peach's Castle
76%
Purple Streamer 157 Purple Streamer Battle
76%
Yellow Streamer 99 Sad Olivia
76%
Green Streamer 164 Shangri-Spa
76%
Green Streamer 206 The Dual-Bladed Duelist - Thinking
76%
Yellow Streamer 118 Thrills at Night
76%
Red Streamer 10 Toad's BBQ Foodeatery
76%
Yellow Streamer 120 Yellow Streamer Battle - Thinking
76%
Green Streamer 204 Boss Fight - Thinking
74%
Yellow Streamer 122 Disco Devil - Thinking
74%
Blue Streamer 55 Eddy River
74%
Blue Streamer 78 Enter Birdo
74%
Red Streamer 46 Event Battle - Thinking
74%
Blue Streamer 60 Exploring Shogun Studios
74%
Green Streamer 202 Green Streamer Battle - Thinking
74%
Yellow Streamer 117 M-A-X Power!
74%
Red Streamer 29 Musée Champignon
74%
Red Streamer 11 Olivia's Bench
74%
Yellow Streamer 101 Scorching Sandpaper Desert
74%
Green Streamer 176 Shy Guys Finish Last
74%
Yellow Streamer 106 Snif City Royal Hotel
74%
Yellow Streamer 108 Snif City Royal Hotel - Pool
74%
Blue Streamer 91 The Elastic Entertainer - Thinking
74%
Purple Streamer 162 The Sticky Shifter - Thinking
74%
Red Streamer 48 Vellumental Battle - Thinking
74%
Red Streamer 6 Whispering Woods - Whispers
74%
Purple Streamer 125 Bonehead Island
71%
Yellow Streamer 92 Breezy Tunnel
71%
Blue Streamer 65 Go with the Flow
71%
Blue Streamer 57 House of Tricky Ninjas
71%
Special 217 King Olly and Mega Bowser
71%
Blue Streamer 72 Olivia Having Fun
71%
Red Streamer 35 Panic at Overlook Tower
71%
Purple Streamer 158 Purple Streamer Battle - Thinking
71%
Yellow Streamer 109 Temple of Shrooms
71%
Red Streamer 50 The Missile Maestro - Thinking
71%
Blue Streamer 51 Bob-omb Enters
68%
Purple Streamer 138 Diamond Island - Hall of Trials
68%
Green Streamer 170 Enter Bowser Jr.
68%
Green Streamer 172 Exploring Shangri-Spa
68%
Purple Streamer 124 Exploring the Great Sea
68%
Red Streamer 12 Graffiti Underground
68%
Special 207 Hotfoot Crater
68%
Green Streamer 165 Meet Kamek
68%
Red Streamer 36 Missile Launch
68%
Blue Streamer 82 Swan Lake - Punk Remix
68%
Yellow Streamer 97 Sweetpaper Valley
68%
Red Streamer 24 Toad Town - Blue Streamer Removal
68%
Red Streamer 22 Toad Town Ghost Town
68%
Red Streamer 27 Toad Town - Green Streamer Removal
68%
Red Streamer 26 Toad Town - Purple Streamer Removal
68%
Red Streamer 23 Toad Town - Red Streamer Removal
68%
Red Streamer 25 Toad Town - Yellow Streamer Removal
68%
Red Streamer 44 Vellumental Area Battle - Thinking
68%
Green Streamer 183 Bath Math
65%
Blue Streamer 73 Big Sho' Theater
65%
Special 241 Game Over
65%
Green Streamer 182 Ninji Skills
65%
Red Streamer 14 Offering Box
65%
Purple Streamer 134 Scuffle Island
65%
Blue Streamer 67 Shuriken Dojo
65%
Green Streamer 174 Spring of Rainbows Path
65%
Green Streamer 184 Sudden Death
65%
Special 213 The Fanged Fastener
65%
Blue Streamer 61 Tranquil Pipes Teahouse
65%
Blue Streamer 54 Water Vellumental Shrine
65%
Special 216 Battle with King Olly - Thinking
62%
Purple Streamer 127 Crescent Moon Island
62%
Purple Streamer 148 Ice Vellumental Mountain
62%
Yellow Streamer 102 My Heart's a-Burnin'
62%
Red Streamer 7 Ol' Grandsappy's Cry for Help
62%
Special 209 Olivia's Last Bench
62%
Special 231 Olivia Transforms
62%
Red Streamer 33 Overlook Mountain
62%
Red Streamer 2 Peach's Castle - Underground
62%
Green Streamer 181 Race 'n' Place
62%
Green Streamer 180 Ring Scramble
62%
Blue Streamer 56 The End of Eddy River
62%
Red Streamer 16 Dance It Out
59%
Red Streamer 4 Folded Soldier's First Appearance
59%
Green Streamer 185 Spring of Jungle Mist
59%
Special 233 Streamer Removal
59%
Blue Streamer 77 The Western Ends
59%
Red Streamer 19 Toad Town in Trouble
59%
Blue Streamer 85 Tragedy of the Elastic Entertainer
59%
Green Streamer 196 Bowser's Airship - Launch
56%
Yellow Streamer 116 Deep, Deep Vibes
56%
Special 242 Ending
56%
Purple Streamer 126 Giant Fan of Bonehead Island
56%
Special 228 Luigi Enters
56%
Purple Streamer 135 Origami Workshop
56%
Purple Streamer 151 Sea Tower - 1st Floor
56%
Purple Streamer 152 Sea Tower - 2nd Floor
56%
Blue Streamer 53 Sleeping Bob-omb
56%
Red Streamer 9 Sweet Sap Loggins Theme
56%
Special 214 The Fanged Fastener - Thinking
56%
Special 226 1,000-Fold Arms
53%
Red Streamer 15 A Giant Shell Falls
53%
Yellow Streamer 94 Bob-omb's Encouragement
53%
Yellow Streamer 95 Fire Vellumental Cave
53%
Special 244 Paper Mario: The Origami King
53%
Red Streamer 30 Battle Lab
50%
Blue Streamer 64 Exploring Autumn Mountain
50%
Special 210 King Olly's Throne Room
50%
Purple Streamer 153 Sea Tower - Earth Vellumental Area
50%
Purple Streamer 155 Sea Tower - Fire Vellumental Area
50%
Purple Streamer 156 Sea Tower - Ice Vellumental Area
50%
Purple Streamer 154 Sea Tower - Water Vellumental Area
50%
Special 243 Staff Credits
50%
Blue Streamer 79 Stage Play - Mario Enters
50%
Red Streamer 40 The Mystery of the Magic Circle
50%
Yellow Streamer 98 Bob-omb's Memories
47%
Yellow Streamer 93 Boot Car - Superboost
47%
Yellow Streamer 110 Dread in the Temple of Shrooms 1
47%
Yellow Streamer 111 Dread in the Temple of Shrooms 2
47%
Yellow Streamer 112 Exploring the Temple of Shrooms
47%
Special 212 King Olly, Origami Overlord
47%
Red Streamer 3 Olivia's First Appearance
47%
Red Streamer 17 Overlook Tower under Fire
47%
Blue Streamer 81 Stage Play - Koopa Troopa Boss
47%
Special 232 Super Star
47%
Red Streamer 39 Fossilized Dry Bones
44%
Special 222 Olivia's Plea
44%
Yellow Streamer 114 Temple of Shrooms Disco
44%
Special 225 The Final Battle
44%
Green Streamer 190 Beware the Handaconda
41%
Purple Streamer 129 Club Island
41%
Yellow Streamer 115 Heartbeat Skipper
41%
Red Streamer 37 Monty Mole's Shop
41%
Special 224 Olivia's Final Magic Circle
41%
Red Streamer 38 Paper Macho Soccer
41%
Special 237 Sensor Lab
41%
Blue Streamer 71 Shogun Studios Parade
41%
Red Streamer 28 Toad Town Port
41%
Yellow Streamer 107 Hotel Mural
38%
Purple Streamer 133 ? Island - Stone Spike on the Hill
38%
Yellow Streamer 103 Mega Paper Macho Pokey
38%
Red Streamer 21 Paper Macho Soldier on Patrol
38%
Purple Streamer 136 The Fold of Life
38%
Green Streamer 195 Bowser's Airship - Locked and Loaded
35%
Purple Streamer 130 Club Island - Feelin' Fungi
35%
Green Streamer 163 Entering Shangri-Spa
35%
Blue Streamer 58 House of Tricky Ninjas Cleared
35%
Purple Streamer 150 Ice Slider
35%
Red Streamer 32 Picnic Road Shop
35%
Purple Streamer 144 The Princess Peach - Nobody's Home
35%
Purple Streamer 143 The Princess Peach - Restoration Party
35%
Blue Streamer 76 The Western Begins
35%
Purple Streamer 141 Trial of Power
32%
Purple Streamer 139 Trial of Wisdom
32%
Blue Streamer 88 Autumn Mountain Battle
29%
Special 240 Heading to Peach's Castle with Luigi
29%
Special 227 King Olly Enters
29%
Purple Streamer 147 Paper Macho Gooper Blooper
29%
Green Streamer 191 Paper Mistake Buzzy Beetle
29%
Blue Streamer 89 Autumn Mountain Battle - Thinking
26%
Yellow Streamer 100 Bob-omb's Determination
26%
Red Streamer 34 Overlook Mountain Occupied
26%
Green Streamer 186 Paper Macho Chain Chomp
26%
Yellow Streamer 113 Paper Macho Mummy Goomba
26%
Green Streamer 168 Sumo Bro Enters
26%
Purple Streamer 146 The Princess Peach - Stolen Box!
26%
Red Streamer 20 The Ruins of Peach's Castle
26%
Green Streamer 178 Today's Contestant
26%
Purple Streamer 140 Trial of Wisdom - Final Question
26%
Special 236 All Streamers Cleared
24%
Green Streamer 189 Folded Soldier Banquet
24%
Special 223 King Olly's Final Form
24%
Blue Streamer 84 The Elastic Entertainer Enters
24%
Purple Streamer 159 Unsettling Area Battle
24%
Purple Streamer 160 Unsettling Area Battle - Thinking
24%
Purple Streamer 149 Ice Vellumental Mountain - Rolling Snowball
21%
Green Streamer 166 Kamek's Memories
21%
Green Streamer 173 Minions Assemble!
21%
Green Streamer 177 Tell 'Em How It Works
18%
Purple Streamer 145 The Princess Peach - Drenched in Ink
18%
Green Streamer 179 Try the Sudden Death Round
18%
Yellow Streamer 96 Bucket Panic!
15%
Green Streamer 175 Crossing the Cliff
15%
Green Streamer 197 Dog-Eared Fight
15%
Green Streamer 171 Hurry to the Spring of Purification!
15%
Green Streamer 167 Kamek Rebuked
15%
Special 235 MAX Confetti Increased!
15%
Special 218 Mega Bowser on the Brink
15%
Special 220 Mega King Olly Transformation
15%
Green Streamer 187 Princess Unleashed
15%
Blue Streamer 63 Shogun Studios Entrance
15%
Green Streamer 169 Welcome to Shangri-Spa!
15%
Blue Streamer 74 Western Showdown - Enemy Enters
15%
Blue Streamer 75 Western Showdown - Mario Enters
15%
Green Streamer 200 Battle at Bowser's Castle
12%
Blue Streamer 83 Big Sho' Theater - Cast Introductions
12%
Green Streamer 192 Bowser's Encouragement
12%
Special 219 King Olly on the Brink
12%
Blue Streamer 66 Shogun Studios Deserted
12%
Special 230 The Legion of Stationery Enters
12%
Special 229 Vellumental Enters
12%
Green Streamer 198 Dog-Eared Fight - Boss Battle
9%
Special 234 Peach's Castle Grand Opening
9%
Green Streamer 194 Bowser's Airship Appears
6%
Green Streamer 199 Incoming!
6%
Special 221 Mega Bowser Transformation
6%
Green Streamer 193 Nervous Olivia
6%
Special 211 Olivia Transforms - Final Battle
6%
Special 238 Toad Radar
6%
Blue Streamer 80 Stage Play - Koopa Troopa Theme
0%
No matching quizzes found
Score Distribution
Percent of People with Each Score
Percentile by Number Answered
Your Score History
You have not taken this quiz